Đóa hoa tàn

Salvato in:
Dettagli Bibliografici
Natura: Libro
Pubblicazione: 2005
Tags: Aggiungi Tag
Nessun Tag, puoi essere il primo ad aggiungerne! !
Thư viện lưu trữ: Mạng thư viện Đại học Đà Nẵng
LEADER 00429nam a22001811a 4500
001 000040912
003 17207
005 20160412023709.0
008 160412s2005 000
082 |a V(23)219-22 
245 |a Đóa hoa tàn  |c Hồ Biểu Chánh 
260 |c 2005 
OWN |a LNN 
999 |a From the UDN01 
TYP |a Monograph 
980 |a Mạng thư viện Đại học Đà Nẵng